000 00275nam a22001217a 4500
020 _a0-85224-381-2
082 _a621.381 EXP'M
100 _aMICHIE, DONALD
_974223
245 _aEXPERT SYSTEMS IN THE MICROELECTRONICS AGE
260 _c1979
300 _a287P
942 _cBK
999 _c579785
_d579785